El instituto de pericia criminológica y patología social
Salvato in:
| Autore principale: | |
|---|---|
| Natura: | Libro |
| Lingua: | spagnolo |
| Pubblicazione: |
San José
Universidad de Costa Rica
1972
|
| Serie: | Tesis de Grado, 20
|
| Soggetti: | |
| Tags: |
Aggiungi Tag
Nessun Tag, puoi essere il primo ad aggiungerne!!
|
MARC
| LEADER | 00000nam a2200000 a 4500 | ||
|---|---|---|---|
| 001 | UCS0182 | ||
| 003 | CL-VaPUC | ||
| 008 | 970418e19720000CR |||||||||||||||||spa|d | ||
| 082 | 0 | 4 | |a 344.041 |b CAS |2 21 |
| 100 | 0 | |a Castilla Barrantes, J. Enrique |e author |9 383360 | |
| 245 | 1 | 3 | |a El instituto de pericia criminológica y patología social |
| 300 | |a 134 p | ||
| 942 | |c BK | ||
| 945 | |d 19970418 00:00:00 |a paguirre | ||
| 260 | |a San José |b Universidad de Costa Rica |c 1972 | ||
| 650 | 7 | |a DERECHO PENAL |2 CL-VaPUC |9 11 | |
| 650 | 0 | |a Criminología |9 256168 | |
| 650 | 7 | |a MEDICINA LEGAL |2 CL-VaPUC |9 383361 | |
| 650 | 7 | |a CRIMINALES |2 CL-VaPUC |9 322996 | |
| 583 | |a last modification |c 19970418 00:00:00 |k Rodrigo Vera | ||
| 490 | 0 | |a Tesis de Grado, 20 | |
| 999 | |c 258423 |d 258421 | ||
| 952 | |0 0 |1 0 |4 0 |6 344_041000000000000_CAS_1972 |7 0 |8 A |9 282505 |a BIBDER |b BIBDER |d 2019-11-19 |i 1831437 |o 344.041 CAS 1972 |p 1831437 |r 2023-01-25 |w 2019-11-19 |y BK |k DER | ||